Практический курс немецкого языка: для начинающих

Бібліографічні деталі
Автор: Завьялова В. М. Валентина Мартыновна
Інші автори: Ильина Л. В. Людмила Васильевна
Мова:Німецька
Російська
Опубліковано: Москва, Юрайт, 2002
Редагування:Испр. и доп.
Предмети:
Формат: Книга
KOHA link:https://koha.lib.tpu.ru/cgi-bin/koha/opac-detail.pl?biblionumber=44433

MARC

LEADER 00000nam0a2200000 4500
001 44433
005 20231101210858.0
010 |a 5887110023 
035 |a (RuTPU)RU\TPU\book\46109 
090 |a 44433 
100 |a 20021114d2002 m y0rusy50 ca 
101 0 |a ger  |a rus 
102 |a RU 
105 |a y j 000zy 
200 1 |a Практический курс немецкого языка: для начинающих  |f В. М. Завьялова, Л. В. Ильина 
205 |a Испр. и доп. 
210 |a Москва  |c Юрайт  |d 2002 
215 |a 336 с. 
606 1 |a Немецкий язык  |x Учебные руководства и пособия для вузов  |2 stltpush  |3 (RuTPU)RU\TPU\subj\45394  |9 64636 
610 1 |a лексика 
610 1 |a учебные пособия 
610 1 |a упражнения 
610 1 |a фонетика 
610 1 |a грамматика 
610 1 |a устная речь 
686 |a Ш143.24-922  |v LBC/SL-A  |2 rubbk 
700 1 |a Завьялова  |b В. М.  |g Валентина Мартыновна 
701 1 |a Ильина  |b Л. В.  |g Людмила Васильевна 
801 1 |a RU  |b 63413507  |c 20021114  |g PSBO 
801 2 |a RU  |b 63413507  |c 20201203  |g PSBO 
942 |c BK